Statistics for Random African Shape to Country

Click here to take the quiz!

General Stats

  • This quiz has been taken 1,849 times
  • The average score is 7 of 10

Answer Stats

Answer% Correct
Somalia
100%
South Africa
99%
Morocco
98%
Egypt
96%
Senegal
96%
Madagascar
94%
Mozambique
89%
Zambia
89%
Ethiopia
88%
Gambia
88%
Mali
88%
Algeria
86%
Benin
86%
Chad
85%
Libya
85%
Mauritania
85%
Namibia
85%
Sudan
85%
Tunisia
85%
Mauritius
84%
Cape Verde
83%
D.R. Congo
82%
Eritrea
82%
Angola
80%
Burkina Faso
80%
Malawi
80%
Togo
80%
Cameroon
78%
Sao Tome and Principe
77%
Seychelles
77%
Central African Republic
76%
Liberia
74%
Ghana
73%
Niger
72%
Equatorial Guinea
71%
Guinea-Bissau
71%
Ivory Coast
71%
South Sudan
71%
Zimbabwe
67%
Tanzania
65%
Kenya
64%
Nigeria
64%
Guinea
63%
Comoros
62%
Gabon
61%
Sierra Leone
59%
Rep. of the Congo
57%
Botswana
54%
Djibouti
49%
Eswatini
49%
Lesotho
49%
Uganda
44%
Burundi
40%
Rwanda
38%

Score Distribution

Percentile by Number Answered

Percent of People with Each Score

Your Score History

You have not taken this quiz